000 00457nam a2200181Ia 4500
001 9456
005 20260306161719.0
008 260306t2002||||xx |||||||||||||| ||spa||
041 _aESP
082 _a379.0985
_bM61
100 _aPerú. Ministerio de Educación
_eAUT
245 0 _aPuertas abiertas:
_bConsulta Nacional de Educación. Resultados
260 _c2002
300 _a
_c27 cm.
650 _aGEN
654 _aCED
942 _cLIB
_dJUS
_fJUS
_2ddc
_n
999 _c9456
_d9456